| 000 | 00582nam a2200181 i 4500 | ||
|---|---|---|---|
| 001 | 21284 | ||
| 003 | ES-MaACL | ||
| 005 | 20250831121743.0 | ||
| 007 | t| | ||
| 008 | 021122s1970 sp ||||1| spa d | ||
| 100 | 1 |
_aAdams, Georgia Sachs. _918385 |
|
| 245 | 1 | 0 |
_aMedición y evaluación en educación, psicología y "guidance" / _cGeorgia Sachs Adams ; [versión de Alfredo Pastor Bodmer]. |
| 260 |
_aBarcelona : _bHerder, _c1970. |
||
| 300 |
_a820 p. ; _c25 cm. |
||
| 700 | 1 |
_aPastor, Alfredo, _d1944- _989471 |
|
| 852 |
_aES-MaACL _jC-37691 _bR.73431 |
||
| 999 |
_c21284 _d21284 |
||